Banking and Finance Issues in Emerging Markets

Na minha lista:
Detalhes bibliográficos
Outros Autores: Barnett, William A., Sergi, Bruno S.
Formato: Livro
Idioma:inglês
Publicado em: Bingley Emerland Publishing 2018
Edição:1st Edition
Colecção:International Symposia in Economic Theory and Econometrics Volume 25
Assuntos:
Tags: Adicionar Tag
Sem tags, seja o primeiro a adicionar uma tag!

MARC

LEADER 00000nam a2200000 4500
001 0259749
005 20240221111211.3
020 |a 978-1-78756-454-1 
020 |a 978-1-78756-453-4 
020 |a 978-1-78756-455-8 
022 |a 1571-0386 
041 0 |a eng 
044 |a GB 
245 1 0 |a Banking and Finance Issues in Emerging Markets  |c Edited by: William A. Barnett, Bruno S. Sergi 
250 |a 1st Edition 
264 1 |a Bingley  |b Emerland Publishing  |c 2018 
300 |a 303 s. 
490 1 |a International Symposia in Economic Theory and Econometrics  |v Volume 25 
830 0 |a International Symposia in Economic Theory and Econometrics  |v Volume 25 
610 2 0 |a bankovníctvo 
610 2 0 |a financie 
610 2 0 |a rast hospodársky 
610 2 0 |a kurz devízový 
610 2 0 |a makroekonomika 
610 2 0 |a trh akciový 
610 2 0 |a pôžičky 
610 2 0 |a banky 
610 2 0 |a podnikanie 
610 2 0 |a internacionalizácia 
610 2 0 |a technológie nové 
610 2 0 |a inovácia 
610 2 0 |a štúdie prípadové 
610 2 0 |a modelovanie ekonometrické 
610 2 0 |a rozmach 
610 2 0 |a porovnanie medzinárodné 
610 2 0 |a Ázia 
700 1 |a Barnett, William A. 
700 1 |a Sergi, Bruno S.